Central Library and Information Centre
Sibsagar Girls' College, Sivasagar : Assam

FOOD SCIENCE (Record no. 20732)

MARC details
000 -LEADER
fixed length control field 00522cam a2200193ua 4500
008 - FIXED-LENGTH DATA ELEMENTS--GENERAL INFORMATION
fixed length control field 160112n2015 II |||gr||||Z||||||eng
040 ## - CATALOGING SOURCE
Original cataloging agency MAIN
041 ## - LANGUAGE CODE
-- English
082 ## - DEWEY DECIMAL CLASSIFICATION NUMBER
Classification number 640 SRI
100 ## - MAIN ENTRY--PERSONAL NAME
Personal name SRILASHMI, B.
245 ## - TITLE STATEMENT
Title FOOD SCIENCE
250 ## - EDITION STATEMENT
Edition statement REP.
260 ## - PUBLICATION, DISTRIBUTION, ETC.
Place of publication, distribution, etc. NEW DELHI
Name of publisher, distributor, etc. NEW AGE INTERNATIONAL LTD.
Date of publication, distribution, etc. 2015
300 ## - PHYSICAL DESCRIPTION
Extent 445:
Dimensions 24CM.
500 ## - GENERAL NOTE
General note MRP - MINOR RESEARCH PROJECT BOOK by Prof Nazrin Ahmed,Home Science, SGC 30-01-2015
942 ## - ADDED ENTRY ELEMENTS (KOHA)
Koha item type Books
653 ## - INDEX TERM--UNCONTROLLED
Uncontrolled term Home & family management
Holdings
Withdrawn status Lost status Damaged status Not for loan Collection code Home library Current library Shelving location Date acquired Full call number Barcode Date last seen Copy number Price effective from Koha item type Public note
        TBHMSC Central Library and Information Centre Sibsagar Girls College Central Library and Information Centre Sibsagar Girls College MRP Almirah 30.01.2015 640 SRI 31670 27.02.2020 1 27.02.2020 Books V


Sibsagar Girl's College © 2020. All rights reserved.
Powered by Koha.
Maintained by Abhijit Borpuzari.